Minecraft Ores - Statistics

General Stats
  • This quiz has been taken 588 times
    78 since last reset
  • The average score is 9 of 11
Answer Stats
Hint Answer % Correct
An ore used to make light and power furnaces Coal
97%
Powerful when made into a tool but breaks easily Gold
97%
An ore used to upgrade your picks after wood and stone Iron
97%
The most powerful ore in the Overworld that is mineable by the (second answer) pickaxe Diamond
91%
An ore that is red used to power contraptions e.g a repeater Redstone
91%
Most recent Overworld ore to be added to the game, very plentiful in caves Copper
86%
A blue coloured ore that always comes out with more than one of the item Lapis Lazuli
86%
Usually found in small groups, you use these to trade with villagers Emerald
84%
The only ore to give nuggets when mined Nether Gold
52%
The rarest ore in the game, used to upgrade (fourth answer) tools. Ancient Debris
48%
The first ore added to the Nether Nether Quartz
43%
No matching quizzes found
Score Distribution
Percent of People with Each Score
Percentile by Number Answered
Your Score History
You have not taken this quiz since the last reset